000 00574nam a2200193 i 4500
001 69145
003 ES-MaACL
005 20230906170439.0
007 t|
008 031205s1909 fr ||||1| fre d
100 1 _aLe Blond, Maurice.
_970833
245 1 0 _aSaint-Georges de Bouhélier
_b: biographie... /
_cpar Maurice Le Blond.
260 _aParis :
_bE. Sansot,
_c1909.
300 _a47 p. :
_bretr. ;
_c19 cm.
490 1 _aLes célébrités d'aujourd'hui
830 0 _aLes célébrités d'aujourd'hui
_9180788
852 _aES-MaACL
_jD-761(1)
999 _c69145
_d69145